| 000 | 00459ntaaa2200181 4500 | ||
|---|---|---|---|
| 003 | 01 | ||
| 005 | 20251027202041.0 | ||
| 008 | 0714s1973 ag 01 | ||
| 040 |
_aAR-BaBN _bspa _cAR-BaBN _eaacr _dRIC |
||
| 082 | _a251.0100 J13 | ||
| 100 |
_aJackson, Edgar N _919041 |
||
| 245 | _aA psychology for preaching | ||
| 250 | _a1 ed. | ||
| 260 |
_aNew York : _bChannel Press, _cc1961 |
||
| 300 | _a191 p | ||
| 650 |
_ahomilĂ©tica-psicologĂa de _919100 |
||
| 942 | _cBK | ||
| 999 |
_c15303 _d15303 |
||